000 00782nam a2200217 i 4500
001 11197
003 ES-MaACL
005 20250808081316.0
007 t|
008 960216m19931995sp ||||1| spa d
020 _a84-7248-280-4(v.1)
080 _a342.9(460)(075.8)
100 1 _aParada Vázquez, José Ramón.
_988908
245 1 0 _aDerecho administrativo /
_cRamón Parada.
260 _aMadrid :
_bMarcial Pons,
_c1993-1995.
300 _a3 v. ;
_c24 cm.
505 8 _aContiene: I. Parte general (7ª ed., 1995) -- II. Organización y empleo público (9ª ed., 1995) -- III. Bienes públicos, derecho urbanístico (5ª ed., 1993)
650 7 _aDerecho administrativo-
_zEspaña
_2
_9145992
852 _aES-MaACL
_jL-18487-9
_bR.124822
999 _c11197
_d11197